Sebastian Stan's Full Filmography - Statistics

General Stats
  • This quiz has been taken 32 times
  • The average score is 27 of 59
Answer Stats
Hint Answer % Correct
2011 Captain America: The First Avenger
100%
2019 Avengers: Endgame
87%
2018 Avengers: Infinity War
87%
2014 Captain America: The Winter Soldier
80%
2022 Fresh
80%
2021 The Falcon And The Winter Soldier
80%
2018 Black Panther
73%
2016 Captain America: Civil War
73%
2007-2010 Gossip Girl
67%
2017 I, Tonya
67%
2025 Thunderbolts*
67%
2021-2024 What If...?
67%
2024 A Different Man
60%
2022 The 355
60%
2015 The Martian
60%
2010 Black Swan
53%
2025 Captain America: Brave New World
53%
2018 Destroyer
53%
2010 Hot Tub Time Machine
53%
2017 Logan Lucky
53%
2022 Pam And Tommy
53%
2020 The Devil All The Time
53%
2023 Ghosted
47%
2017 I'm Not Here
47%
2020 Monday
47%
2012-2013 Once Upon A Time
47%
2013 Picnic
47%
2009 Spread
47%
2024 The Apprentice
47%
2006 The Architect
47%
2015 The Bronze
47%
2006 The Covenant
47%
2023 Dumb Money
40%
2019 Endings, Beginnings
40%
2003 Law And Order
40%
2012 Political Animals
40%
2023 Sharper
40%
2012 The Apparition
40%
2019 The Last Full Measure
40%
2004 Tony And Tina's Wedding
40%
2015 Ant-Man
33%
2012 Gone
33%
2008 Rachel Getting Married
33%
2005 Red Doors
33%
2015 Ricki And The Flash
33%
2018 We Have Always Lived In The Castle
33%
1994 71 Fragments Of A Chronology Of Chance
27%
2009 Kings
27%
2007 The Education Of Charlie Banks
27%
2012 Labyrinth
20%
2007 Talk Radio
20%
2022 The Magic Of Passion
20%
2008 Wake Up Call
20%
2023 Bupkis
13%
2011 Captain America: Super Soldier
13%
2017 I'm Dying Up Here
13%
2018 Joseph Pulitzer: Voice Of The People
13%
2015 Ares III: Farewell
7%
2015 Ares III: The Right Stuff
7%
No matching quizzes found
Score Distribution
Percent of People with Each Score
Percentile by Number Answered
Your Score History
You have not taken this quiz